000 00656nam a22002177a 4500
003 OSt
005 20220427103913.0
008 191023b ||||| |||| 00| 0 eng d
020 _a9780230506541
020 _a0230506542
040 _aSEKU
050 _aRC 480.54
_b.T4
100 _aTerry, Paul.
245 _aCouselling and psychotherapy with older people :
_ba psychodynamic approach /
_cPaul Terry.
260 _aNew York :
_bPalgrave Macmillan,
_c2008.
300 _a171 p.
504 _aInlcudes bibliographical references and index.
650 _aPsychodynamic Psychotherapy
650 _aPsychotherapy for older people
942 _2lcc
_cGEN
999 _c17729
_d17729